Statistics for Biggest first level division by country

Click here to take the quiz!

General Stats

  • This quiz has been taken 21 times
  • The average score is 11 of 15

Answer Stats

CountryCityProvince% Correct
United StatesAnchorageAlaska
100%
GermanyMunichBavaria
100%
AustraliaPerthWestern Australia
100%
United KingdomLondonEngland
90%
ItalyPalermoSicily
90%
SpainValladolidCastille en Léon
85%
United Arab EmiratesAbu DhabiAbu Dhabi
80%
BrazilManausAmazonas
80%
CanadaIqaluitNunavut
80%
ChinaÜrümqiXinjiang Uyghur
75%
MexicoCiudad JuarezChihuahua
70%
South AfricaKimberleyNorthern Cape
50%
RussiaYakutskSakha
45%
IndiaJaipurRajasthan
40%
IndonesiaJayapuraPapua
35%

Score Distribution

Percentile by Number Answered

Percent of People with Each Score

Your Score History

You have not taken this quiz